000 00801cam a22002412 4500
001 0000003459
005 20151217151925.0
008 070507s xx 000 0 eng d
020 _a9966443312 :
_cKES 266
040 _aKABU
_cKABU
050 0 _aKRL810
_b.H63 1975
100 1 _aHodgin, R. W.
_@0000160381
245 1 0 _aLaw of contract in East Africa /
_cR. W. Hodgin.
260 _aNairobi :
_bKenya Literature Bureau,
_c1975.
300 _axxxiii, 317 p. ;
_c21 cm.
650 0 _aContracts
_zAfrica, East.
_@0000160382
908 _a070507
950 _@1
999 _c6418
_d6418